|
|
|
|
| LEADER |
00000cam a22000004a 4500 |
| 001 |
musev2_19699 |
| 003 |
MdBmJHUP |
| 005 |
20230905042118.0 |
| 006 |
m o d |
| 007 |
cr||||||||nn|n |
| 008 |
051110s2003 msu o 00 0 eng d |
| 020 |
|
|
|a 9781604730463
|
| 020 |
|
|
|z 1578065852
|
| 020 |
|
|
|z 9781578065851
|
| 035 |
|
|
|a (OCoLC)62256919
|
| 040 |
|
|
|a MdBmJHUP
|c MdBmJHUP
|
| 100 |
1 |
|
|a Heneghan, Bridget T.
|
| 245 |
1 |
0 |
|a Whitewashing America :
|b Material Culture and Race in the Antebellum Imagination /
|c Bridget T. Heneghan.
|
| 264 |
|
1 |
|a Jackson :
|b University Press of Mississippi,
|c 2003.
|
| 264 |
|
3 |
|a Baltimore, Md. :
|b Project MUSE,
|c 2014
|
| 264 |
|
4 |
|c ©2003.
|
| 300 |
|
|
|a 1 online resource:
|b illustrations
|
| 336 |
|
|
|a text
|b txt
|2 rdacontent
|
| 337 |
|
|
|a computer
|b c
|2 rdamedia
|
| 338 |
|
|
|a online resource
|b cr
|2 rdacarrier
|
| 505 |
0 |
|
|a The pot calling the kettle : white goods and the construction of race in antebellum America -- Living on white bread : class considerations and the refinement of whiteness -- Unmentionable things unmentioned : constructing femininity with white things -- See Spot run : white things in the rhetoric of racial, moral, and hygienic purity.
|
| 520 |
|
|
|a Literary criticism -- American history --> Even before mass marketing, American consumers bought products that gentrified their households and broadcast their sense of "the good things in life." Bridging literary scholarship, archaeology, history, and art history, Whitewashing America: Material Culture and Race in the Antebellum Imagination explores how material goods shaped antebellum notions of race, class, gender, and purity. From the Revolutionary War until the Civil War, American consumers increasingly sought white-colored goods. Whites preferred mass-produced and specialized produc.
|
| 588 |
|
|
|a Description based on print version record.
|
| 650 |
|
7 |
|a White in literature.
|2 fast
|0 (OCoLC)fst01174666
|
| 650 |
|
7 |
|a Slavery in literature.
|2 fast
|0 (OCoLC)fst01120515
|
| 650 |
|
7 |
|a Segregation in literature.
|2 fast
|0 (OCoLC)fst01111233
|
| 650 |
|
7 |
|a Racism in literature.
|2 fast
|0 (OCoLC)fst01086655
|
| 650 |
|
7 |
|a Race in literature.
|2 fast
|0 (OCoLC)fst01086506
|
| 650 |
|
7 |
|a Material culture in literature.
|2 fast
|0 (OCoLC)fst01011754
|
| 650 |
|
7 |
|a Material culture.
|2 fast
|0 (OCoLC)fst01011739
|
| 650 |
|
7 |
|a Human skin color in literature.
|2 fast
|0 (OCoLC)fst00963470
|
| 650 |
|
7 |
|a American literature
|x White authors.
|2 fast
|0 (OCoLC)fst01424513
|
| 650 |
|
7 |
|a American fiction.
|2 fast
|0 (OCoLC)fst00807048
|
| 650 |
|
7 |
|a LITERARY CRITICISM
|x American
|x General.
|2 bisacsh
|
| 650 |
|
6 |
|a Blanc dans la litterature.
|
| 650 |
|
6 |
|a Racisme dans la litterature.
|
| 650 |
|
6 |
|a Esclavage dans la litterature.
|
| 650 |
|
6 |
|a Segregation dans la litterature.
|
| 650 |
|
6 |
|a Culture materielle dans la litterature.
|
| 650 |
|
6 |
|a Couleur de la peau dans la litterature.
|
| 650 |
|
6 |
|a Culture materielle
|z États-Unis
|x Histoire
|y 19e siecle.
|
| 650 |
|
6 |
|a Litterature americaine
|x Auteurs blancs
|x Histoire et critique.
|
| 650 |
|
6 |
|a Race dans la litterature.
|
| 650 |
|
6 |
|a Roman americain
|y 19e siecle
|x Histoire et critique.
|
| 650 |
|
0 |
|a White in literature.
|
| 650 |
|
0 |
|a Racism in literature.
|
| 650 |
|
0 |
|a Slavery in literature.
|
| 650 |
|
0 |
|a Segregation in literature.
|
| 650 |
|
0 |
|a Material culture in literature.
|
| 650 |
|
0 |
|a Human skin color in literature.
|
| 650 |
|
0 |
|a Material culture
|z United States
|x History
|y 19th century.
|
| 650 |
|
0 |
|a American literature
|x White authors
|x History and criticism.
|
| 650 |
|
0 |
|a Race in literature.
|
| 650 |
|
0 |
|a American fiction
|y 19th century
|x History and criticism.
|
| 651 |
|
7 |
|a United States.
|2 fast
|0 (OCoLC)fst01204155
|
| 655 |
|
7 |
|a History.
|2 fast
|0 (OCoLC)fst01411628
|
| 655 |
|
7 |
|a Criticism, interpretation, etc.
|2 fast
|0 (OCoLC)fst01411635
|
| 655 |
|
7 |
|a Electronic books.
|2 local
|
| 710 |
2 |
|
|a Project Muse.
|e distributor
|
| 830 |
|
0 |
|a Book collections on Project MUSE.
|
| 856 |
4 |
0 |
|z Texto completo
|u https://projectmuse.uam.elogim.com/book/19699/
|
| 945 |
|
|
|a Project MUSE - Custom Collection
|
| 945 |
|
|
|a Project MUSE - Archive Complete Supplement II
|
| 945 |
|
|
|a Project MUSE - Archive History Supplement II
|
| 945 |
|
|
|a Project MUSE - Archive American Studies Supplement
|